Una reforma legítima, democrática y eficiente (Registro nro. 32476)

Detalles MARC
000 -LEADER
fixed length control field 00342 a2200109 4500
001 - CONTROL NUMBER
control field ART_50136
005 - DATE AND TIME OF LATEST TRANSACTION
control field 20260410162014.0
008 - FIXED-LENGTH DATA ELEMENTS--GENERAL INFORMATION
fixed length control field 260409a
100 1# - MAIN ENTRY--PERSONAL NAME
Personal name Menem, Eduardo
245 10 - TITLE STATEMENT
Title Una reforma legítima, democrática y eficiente
773 0# - HOST ITEM ENTRY
Title Temas de derecho administrativo
Related parts - Año 4, N° 11 (nov. 2019)
Record control number REV40468

No hay ítems disponibles.